000
00210nam a2200085Ia 4500
008
120527s9999 xx 000 0 und d
100
_a
GAYLORD Jr and Gaylord
245
_a
Design of steel structures
942
_c
BK
999
_c
25608
_d
25608